Normal view
MARC view
- القاضي،حسين/م.مشارك: مأمون حمدان
Entry Personal Name
001 - CONTROL NUMBER
- control field: 31790
003 - CONTROL NUMBER IDENTIFIER
- control field: JO-AjAnu
005 - DATE AND TIME OF LATEST TRANSACTION
- control field: 20230606075341.0
008 - FIXED-LENGTH DATA ELEMENTS
- fixed length control field: 230606|| aca||aabn | a|a d
040 ## - CATALOGING SOURCE
- Original cataloging agency: JO-AjAnu
- Transcribing agency: JO-AjAnu
100 ## - HEADING--PERSONAL NAME
- Personal name: القاضي،حسين/م.مشارك: مأمون حمدان
670 ## - SOURCE DATA FOUND
- Source citation: Work cat.: (JO-AjAnu)16323: القاضي،حسين/م.مشارك: مأمون حمدان, author, المحاسبة الدولية ومعاييرها